[Event "Titled Tuesday intern op 15th Nov Late"]
[Site "Chess.com INT"]
[Date "2022.11.15"]
[Round "6"]
[White "Melian, Juan Sebastian"]
[Black "Pino Perez, Lazaro"]
[Result "1/2-1/2"]
[WhiteElo "2150"]
[BlackElo "2142"]
[PlyCount "120"]
[EventDate "2022.11.15"]
[EventType "swiss (blitz)"]
[EventRounds "11"]
[EventCountry "USA"]
[SourceTitle "CBM 211 Extra"]
[Source "ChessBase"]
[SourceDate "2023.01.31"]
[SourceVersion "1"]
[SourceVersionDate "2023.01.31"]
[SourceQuality "1"]

1. e4 c5 2. Nf3 g6 3. c3 Bg7 4. d4 cxd4 5. cxd4 d5 6. exd5 Nf6 7. Nc3 Nxd5 8. Bc4 Nb6 9. Bb3 Nc6 10. Be3 0-0 11. h3 Na5 12. 0-0 Bf5 13. Bc2 Bxc2 14. Qxc2 Rc8 15. Rad1 Nd5 16. Qd3 Nc4 17. Nxd5 Qxd5 18. Qe2 e6 19. Rc1 Nxe3 20. fxe3 Qxa2 21. Ra1 Qb3 22. Ra3 Qc2 23. Qb5 a6 24. Qxb7 Rb8 25. Qxa6 Rxb2 26. Nh4 Bf6 27. Rxf6 g5 28. Qa5 gxh4 29. Qg5+ Kh8 30. Rh6 Qf2+ 31. Kh2 Qg3+ 32. Qxg3 hxg3+ 33. Kxg3 Rg8+ 34. Kf4 Rgxg2 35. Ra7 Kg7 36. Rxe6 Rbf2+ 37. Ke4 Rg3 38. Re5 Rxh3 39. d5 Rh4+ 40. Kd3 Rh1 41. Re4 Rd1+ 42. Kc4 Rc2+ 43. Kb3 Rc5 44. Rg4+ Kh6 45. Rxf7 Rb1+ 46. Ka2 Rb6 47. Rff4 Rxd5 48. Rh4+ Kg6 49. Rhg4+ Rg5 50. Rxg5+ Kxg5 51. Ra4 h5 52. Ra8 h4 53. Rg8+ Kh5 54. Rh8+ Kg4 55. e4 h3 56. e5 Re6 57. Rg8+ Kh4 58. Rh8+ Kg4 59. Rg8+ Kf5 60. Rh8 Kg4 1/2-1/2

[Event "Titled Tuesday intern op 15th Nov Late"]
[Site "Chess.com INT"]
[Date "2022.11.15"]
[Round "7"]
[White "Pino Perez, Lazaro"]
[Black "Freile Martin, Javier"]
[Result "1-0"]
[WhiteElo "2142"]
[BlackElo "2329"]
[PlyCount "32"]
[EventDate "2022.11.15"]
[EventType "swiss (blitz)"]
[EventRounds "11"]
[EventCountry "USA"]
[SourceTitle "CBM 211 Extra"]
[Source "ChessBase"]
[SourceDate "2023.01.31"]
[SourceVersion "1"]
[SourceVersionDate "2023.01.31"]
[SourceQuality "1"]

1. d4 Nf6 2. Bf4 e6 3. e3 b6 4. Qf3 Nc6 5. Nc3 Bb7 6. 0-0-0 Rb8 7. e4 d5 8. exd5 Nxd5 9. Nxd5 exd5 10. Qg3 Rc8 11. Bb5 f6 12. Re1+ Kf7 13. Qh3 Nxd4 14. Nf3 Bd6 15. Bxd6 Nxb5 16. Qe6+ Kg6 1-0

[Event "Titled Tuesday intern op 15th Nov Early"]
[Site "Chess.com INT"]
[Date "2022.11.15"]
[Round "5"]
[White "Seifert, Henryk"]
[Black "Pino Perez, Lazaro"]
[Result "1-0"]
[WhiteElo "2106"]
[BlackElo "2142"]
[PlyCount "63"]
[EventDate "2022.11.15"]
[EventType "swiss (blitz)"]
[EventRounds "11"]
[EventCountry "USA"]
[SourceTitle "CBM 211 Extra"]
[Source "ChessBase"]
[SourceDate "2023.01.31"]
[SourceVersion "1"]
[SourceVersionDate "2023.01.31"]
[SourceQuality "1"]

1. e4 c5 2. Nf3 g6 3. c3 Bg7 4. d4 cxd4 5. cxd4 d5 6. e5 Bg4 7. Nbd2 Nc6 8. h3 Bxf3 9. Nxf3 Nh6 10. Bd3 Nf5 11. Bxf5 gxf5 12. Qb3 Qd7 13. Bd2 e6 14. Rc1 0-0 15. g4 Ne7 16. g5 Rfc8 17. Rxc8+ Rxc8 18. h4 Bf8 19. h5 Rc4 20. Rg1 Qc6 21. Bc3 b5 22. a3 Qb6 23. g6 fxg6 24. hxg6 Nxg6 25. Nh4 Kf7 26. Nxg6 hxg6 27. Qd1 a5 28. Qf3 Rxd4 29. Bxd4 Qxd4 30. Qg3 Qe4+ 31. Kf1 Qb1+ 32. Kg2 1-0